Géopolitique - Niveau averti (3/5) - Statistiques

Statistiques générales
  • Ce quiz a été pris 1 691 fois
  • Le résultat moyen est 10 sur 20
Statistiques - réponses
Hint Réponse % Correct
Pays africain en guerre civile depuis avril 2023 Soudan
82%
Quelle fonction politique occupe-t-il ? Premier ministre
81%
Pays accusé de contrôler illégitimement cette institution Etats-Unis
75%
Date de la vaste opération terroriste menée par le Hamas en Israël en 2023 7 octobre
72%
Pays duquel ils ont dernièrement retiré leurs troupes (en 2021) Afghanistan
72%
Dirigeant d'Israël, qui a ordonné l'invasion de Gaza en retour Benyamin Netanyahou
65%
Groupe chiite libanais qui profite de la situation pour attaquer Israël au nord Hezbollah
64%
Puissant allié historique de ce dernier Russie
58%
Groupe islamiste qui y a alors pris le pouvoir Talibans
58%
Pays d'Europe partiellement reconnu internationalement où cette organisation est intervenue en 1999 Kosovo
55%
Excentrique président ultralibéral de l'Argentine depuis décembre 2023 Javier Milei
53%
Organisation de coopération militaire qui leur a fait la guerre pendant 18 ans OTAN
53%
Pays qui revendique le contrôle de ce territoire Serbie
52%
Année d'indépendance de son voisin du sud 2011
49%
Institution financière multilatérale qui a accordé de nombreux prêts à son pays en faillite Fonds monétaire international (FMI)
46%
Dirigeant de l'Inde Narendra Modi
32%
République séparatiste contre laquelle ce dernier pays a mené deux guerres dans les années 1990 puis 2000 Tchétchénie
22%
Pays d'origine de ces derniers Myanmar
13%
Doctrine politique principale de son parti nationalisme hindou
11%
Groupe ethnique musulman persécuté qu'il a refusé d'accueillir en 2017 pour des raisons religieuses et identitaires Rohingyas
6%
Aucun quiz correspondant
Distribution des résultats
% des personnes avec chaque résultat
Percentile par nombre de réponses
Votre historique - résultats
Vous n’avez pas pris ce quiz